Informe 1968-1969 / (Registro nro. 57476)
[ vista simple ]
| 000 -LEADER | |
|---|---|
| fixed length control field | 01169cam a2200301 i 4500 |
| 001 - CONTROL NUMBER | |
| control field | 57476 |
| 003 - CONTROL NUMBER IDENTIFIER | |
| control field | Mx-PuUPA |
| 005 - DATE AND TIME OF LATEST TRANSACTION | |
| control field | 20250930090245.0 |
| 008 - FIXED-LENGTH DATA ELEMENTS--GENERAL INFORMATION | |
| fixed length control field | 140415s1970 mx ao gr 000 0 spa d |
| 040 ## - CATALOGING SOURCE | |
| Original cataloging agency | Mx-PuUPA |
| Language of cataloging | spa |
| Transcribing agency | Mx-PuUPA |
| Modifying agency | Mx-PuUPA |
| Description conventions | rda |
| 041 0# - LANGUAGE CODE | |
| Language code of text/sound track or separate title | spa |
| 043 ## - GEOGRAPHIC AREA CODE | |
| Source of local code | mx-mxbn |
| Local GAC code | n-mx-pu |
| 110 2# - MAIN ENTRY--CORPORATE NAME | |
| Corporate name or jurisdiction name as entry element | Asociación Regional de Caminos de Puebla. |
| Subordinate unit | XIV Asamblea General Ordinaria. |
| Date of meeting or treaty signing | 1970 |
| 240 ## - UNIFORM TITLE | |
| Uniform title | Obra. |
| Form subheading | Informe. |
| Name of part/section of a work | Puebla. |
| 245 10 - TITLE STATEMENT | |
| Title | Informe 1968-1969 / |
| Statement of responsibility, etc. | Asociación Regional de Caminos de Puebla ; Francisco Bernat Solsona, presidente |
| 246 14 - VARYING FORM OF TITLE | |
| Title proper/short title | XIV Asamblea General Ordinaria 1970. |
| 264 #1 - PRODUCTION, PUBLICATION, DISTRIBUTION, MANUFACTURE, AND COPYRIGHT NOTICE | |
| Place of production, publication, distribution, manufacture | [Puebla, Pue.] : |
| Name of producer, publisher, distributor, manufacturer | Asociación Regional de Caminos de Puebla, |
| Date of production, publication, distribution, manufacture, or copyright notice | 1970 |
| 300 ## - PHYSICAL DESCRIPTION | |
| Extent | 1 volumen sin numerar : |
| Other physical details | ilustraciones (en blanco y negro) ; |
| Dimensions | 23 cm |
| 336 ## - CONTENT TYPE | |
| Fuente | rdacontent |
| Content type term | texto |
| Content type code | txt |
| 336 ## - CONTENT TYPE | |
| Fuente | rdacontent |
| Content type term | imagen fija |
| Content type code | sti |
| 337 ## - MEDIA TYPE | |
| Source | rdamedia |
| Media type term | sin medio |
| Media type code | n |
| 338 ## - CARRIER TYPE | |
| Source | rdacarrier |
| Carrier type term | volumen |
| Carrier type code | nc |
| 650 #7 - SUBJECT ADDED ENTRY--TOPICAL TERM | |
| Source of heading or term | armarc |
| Topical term or geographic name entry element | Administración pública |
| Geographic subdivision | Puebla |
| 700 1# - ADDED ENTRY--PERSONAL NAME | |
| Personal name | Bernat Solsona, Francisco, |
| Relator term | presidente de consejo |
| 942 ## - ADDED ENTRY ELEMENTS (KOHA) | |
| Source of classification or shelving scheme | Dewey Decimal Classification |
| Koha item type | Libro |
| Classification part | 320.97248 |
| Item part | I43 |
| Withdrawn status | Lost status | Source of classification or shelving scheme | Damaged status | Not for loan | Collection code | Home library | Current library | Shelving location | Date acquired | Source of acquisition | Total Checkouts | Full call number | Barcode | Date last seen | Price effective from | Koha item type |
|---|---|---|---|---|---|---|---|---|---|---|---|---|---|---|---|---|
| Dewey Decimal Classification | Consulta en sala | Puebla | Biblioteca Karol Wojtyla | Biblioteca Karol Wojtyla | Área de silencio | 03/12/2013 | Compra | 320.97248 I43 1970 | 86807 | 05/01/2026 | 15/01/2016 | Libro |